000 00256nam a2200109Ia 4500
005 20251222143113.0
008 251222s9999||||xx |||||||||||||| ||spa||
082 _a361.26/A92
245 0 _aEl PerĂº que Estamos Construyendo
264 _bAvina
942 _cLIB
999 _c11244
_d11244